000 01512cam a2200385 a 4500
001 14649777
003 ARRUPE
005 20131203172340.0
008 061129s2008 cau b 001 0 eng d
010 _a 2006939361
020 _a9781586171551 (pbk.)
020 _a1586171550 (pbk.)
035 _a(OCoLC)ocn229030066
040 _aBTCTA
_cBTCTA
_dBAKER
_dYDXCP
_dBWX
_dIUP
_dPUL
_dDLC
041 1 _aeng
_hita
042 _alccopycat
050 0 0 _aBP161.3
_b.A15 2008
082 0 0 _a297
_222
245 0 0 _a111 questions on Islam :
_bSamir Khalil Samir, S.J. on Islam and the West : a series of interviews conducted by Giorgio Paolucci and Camille Eid /
_cedited and translated by Father Wafik Nasry, S.J. ; co-translator, Claudia Castellani.
250 _aEnglish ed.
260 _aSan Francisco :
_bIgnatius Press,
_cc2008.
300 _a265 p. ;
_c21 cm.
500 _aOriginal Italian edition: Cento domande sull'Islam: Intervista a Samir Khalil Samir, c2002.
504 _aIncludes bibliographical references (p. 241-245) and index.
650 0 _aIslam
_xDoctrines.
_94863
650 0 _aIslam
_xHistory.
_94864
700 1 _aSamir, Khalil.
_94865
700 1 _aPaolucci, Giorgio.
_94866
700 1 _aEid, Camille.
_94867
700 1 _aNasry, Wafik.
_94868
700 1 _aCastellani, Claudia.
_94869
906 _a7
_bcbc
_ccopycat
_d2
_encip
_f20
_gy-gencatlg
942 _2lcc
_cMONOGRAPH
999 _c118998
_d118998